01305nam a2200313 a 4500001001000000003000500010005001700015008004100032010001100073011001100084040000900095090001000104100004900114245015700163260004100320500006000361502010900421590004000530590004000570650007300610650003900683650004300722856007000765901000700835942001000842942000600852999001900858952011400877000115834CHAP20220329144550.0190715s2019 mx a |sm |||||||spa d a112295 a113267 cCHAP aTesis1 aSolórzano Banderas, José Manuel.913648110aIdentificación de signos y síntomas causados por ácaros fitófagos en cultivos agrícolash[En línea]cpor José Manuel Solórzano Banderas. aChapingo, Méx. :bEl autor,c2019. aPara ver el contenido del material haga clic en la liga aTesis (Ing. Agr. Esp. en Parasitología Agrícola) -- UACH. Departamento de Parasitología Agrícola aE6339RRRb05c20190715lUCH01h1047 aE6339RRRb05c20190715lUCH01h104714aÁcaros fitófagosxDistribución geográficazMéxico.913083514aÁcarosxIdentificación.98238014aAgriculturaxPlagaszMéxico.9128508 aFinding aiduhttp://10.13.5.2/tesis/sist115834.pdfzTeclea aquí aBK cTESIS n0 c112295d112295 00102local40718TESISaBCbBCd2019-07-15fTESISl0oTesisp115845-10r2019-12-31 00:00:00w2019-07-15yCD